Prvky básnickej hry u Laca Novomeského

Bibliographic Details
Main Author: Sládeček, Ľubomír (Author)
Format: Article
Language:Slovak
Subjects:

MARC

LEADER 00000nab a2200000 a 4500
001 vtls000294267
003 SK-MaSNL
005 20260304180901.0
008 160215c1987 xo 0 slo
015 |a SNBRB19rr/mm-uuuuu 
035 |a CL0304386 
040 |a SNKBUCL  |b slo  |c SNKBUCL  |e AACR2 
041 0 |a slo 
044 |a xo  |c SK 
080 |a 82.033:885.4-1  |2 1981 
080 |a 885.4-1  |2 1981 
080 |a 885.4-1.033  |2 1981 
100 1 |a Sládeček, Ľubomír  |4 aut  |9 1510802 
245 1 0 |a Prvky básnickej hry u Laca Novomeského  |c Ľubomír Sládeček 
500 |a Dotyky - príloha pre mladú literatúru 
600 1 7 |a Novomeský, Ladislav,  |d 1904-1976  |2 snkbucl  |9 75208 
650 0 7 |a slovenská poézia  |2 snkbucl  |9 215422 
655 7 |a štúdie  |2 snkbucl  |9 57033 
655 7 |a články z odboru literárna veda a krásna literatúra  |2 snkbucl  |9 770045 
655 7 |a články z novín a časopisov  |2 snkbucl  |9 267496 
773 0 |t Romboid  |g Roč. 22, č. 10 (1987), s. 116-121 
850 |a Slovenská národná knižnica v Martine  |a MTA001 
852 |a SNK  |b KIS3GCP 
958 |a BX 
958 |a RK 
958 |a LX 
992 |a RBX 
999 |c 3020375  |d 3022305